[Event "IECG ZN.2006.0.00026"]
[Site "IECG email"]
[Date "2006.06.21"]
[Round "?"]
[White "Zc, Adam"]
[Black "Ong, Allan C"]
[Result "0-1"]
[WhiteElo "800"]
[BlackElo "887"]
[PlyCount "42"]
[EventDate "2006.06.21"]
[EventType "match (corr)"]
[EventRounds "2"]
[SourceTitle "Corr 2008"]
[Source "ChessBase"]
[SourceDate "2008.06.24"]
[SourceVersion "1"]
[SourceVersionDate "2008.06.24"]
[SourceQuality "1"]

1. e4 d5 2. Qe2 dxe4 3. Qxe4 Nf6 4. Qa4+ Bd7 5. Qc4 Nc6 6. Nc3 e6 7. Bd3 Ne5 8. Qb3 Bc6 9. Nb5 Bc5 10. Nf3 Nxf3+ 11. gxf3 0-0 12. Qa4 a6 13. Rg1 axb5 14. Qf4 Bd6 15. Qg5 g6 16. Qh6 Bxf3 17. Rg3 Bxg3 18. fxg3 Qd4 19. c3 Qg1+ 20. Bf1 Ng4 21. h3 Qf2# 0-1

[Event "IECG OP.2006.0.00072"]
[Site "IECG email"]
[Date "2006.06.19"]
[Round "?"]
[White "Sarihan, Sefa"]
[Black "Zc, Adam"]
[Result "1-0"]
[WhiteElo "1000"]
[BlackElo "800"]
[PlyCount "43"]
[EventDate "2006.06.19"]
[EventType "tourn (corr)"]
[EventRounds "6"]
[SourceTitle "Corr 2008"]
[Source "ChessBase"]
[SourceDate "2008.06.24"]
[SourceVersion "1"]
[SourceVersionDate "2008.06.24"]
[SourceQuality "1"]

1. e4 Nf6 2. f3 e5 3. Ne2 Nc6 4. Ng3 Qe7 5. c3 Qc5 6. a4 Qa5 7. Bc4 Bc5 8. b4 Qb6 9. bxc5 Qxc5 10. Qe2 Na5 11. Ba2 d5 12. exd5 e4 13. Nxe4 Bd7 14. Nxc5+ Be6 15. dxe6 0-0 16. exf7+ Rxf7 17. Bxf7+ Kxf7 18. Qe6+ Kf8 19. 0-0 Re8 20. Nd7+ Nxd7 21. Qxd7 Nc6 22. Ba3+ 1-0